000 00799cam a2200265 4500500
005 20260405004104.0
041 _afre
042 _adc
100 1 0 _aLarmagnac-Matheron, Octave
_eauthor
245 0 0 _aMichaël Devaux : Tolkien et la tentation du roi-dieu
260 _c2022.
500 _a92
690 _aAnge
690 _aAnneau
690 _aCorruption
690 _aDéchéance
690 _aGuerre
690 _aHeroic fantasy
690 _aMagie
690 _aMal
690 _aSeigneur des Anneaux
690 _aTolkien
786 0 _nPhilosophie magazine - Hors séries | Hors série - Été-Autome 2022 | HS54 | 2022-07-01 | p. 29-32 | 2104-9246
856 4 1 _uhttps://shs.cairn.info/magazine-philosophie-magazine-2022-hs54-page-29?lang=fr&redirect-ssocas=7080
999 _c2073614
_d2073614